LEADER 04030nam 22007095 450 001 996465653403316 005 20240417193445.0 010 $a3-319-70087-1 024 7 $a10.1007/978-3-319-70087-8 035 $a(CKB)4100000000881995 035 $a(DE-He213)978-3-319-70087-8 035 $a(MiAaPQ)EBC5592628 035 $a(PPN)221251464 035 $a(EXLCZ)994100000000881995 100 $a20171024d2017 u| 0 101 0 $aeng 135 $aurnn#008mamaa 181 $ctxt$2rdacontent 182 $cc$2rdamedia 183 $acr$2rdacarrier 200 10$aNeural Information Processing$b[electronic resource] $e24th International Conference, ICONIP 2017, Guangzhou, China, November 14-18, 2017, Proceedings, Part I /$fedited by Derong Liu, Shengli Xie, Yuanqing Li, Dongbin Zhao, El-Sayed M. El-Alfy 205 $a1st ed. 2017. 210 1$aCham :$cSpringer International Publishing :$cImprint: Springer,$d2017. 215 $a1 online resource (XVIII, 936 p. 263 illus.) 225 1 $aTheoretical Computer Science and General Issues,$x2512-2029 ;$v10634 311 $a3-319-70086-3 327 $aMachine Learning -- Reinforcement Learning -- Big Data Analysis -- Deep Learning -- Brain-Computer Interface -- Computational Finance -- Computer Vision, -- Neurodynamics -- Sensory Perception and Decision Making -- Computational Intelligence -- Neural Data Analysis -- Biomedical Engineering -- Emotion and Bayesian Networks -- Data Mining -- Time-Series Analysis -- Social Networks -- Bioinformatics -- Information Security and Social Cognition -- Robotics and Control -- Pattern Recognition -- Neuromorphic Hardware and Speech Processing. . 330 $aThe six volume set LNCS 10634, LNCS 10635, LNCS 10636, LNCS 10637, LNCS 10638, and LNCS 10639 constitues the proceedings of the 24rd International Conference on Neural Information Processing, ICONIP 2017, held in Guangzhou, China, in November 2017. The 563  full papers presented were carefully reviewed and selected from 856 submissions. The 6 volumes are organized in topical sections on Machine Learning, Reinforcement Learning, Big Data Analysis, Deep Learning, Brain-Computer Interface, Computational Finance, Computer Vision, Neurodynamics, Sensory Perception and Decision Making, Computational Intelligence, Neural Data Analysis, Biomedical Engineering, Emotion and Bayesian Networks, Data Mining, Time-Series Analysis, Social Networks, Bioinformatics, Information Security and Social Cognition, Robotics and Control, Pattern Recognition, Neuromorphic Hardware and Speech Processing. . 410 0$aTheoretical Computer Science and General Issues,$x2512-2029 ;$v10634 606 $aComputers and civilization 606 $aArtificial intelligence 606 $aData mining 606 $aAlgorithms 606 $aData protection 606 $aComputers and Society 606 $aArtificial Intelligence 606 $aData Mining and Knowledge Discovery 606 $aAlgorithms 606 $aData and Information Security 615 0$aComputers and civilization. 615 0$aArtificial intelligence. 615 0$aData mining. 615 0$aAlgorithms. 615 0$aData protection. 615 14$aComputers and Society. 615 24$aArtificial Intelligence. 615 24$aData Mining and Knowledge Discovery. 615 24$aAlgorithms. 615 24$aData and Information Security. 676 $a006.32 702 $aLiu$b Derong$4edt$4http://id.loc.gov/vocabulary/relators/edt 702 $aXie$b Shengli$4edt$4http://id.loc.gov/vocabulary/relators/edt 702 $aLi$b Yuanqing$4edt$4http://id.loc.gov/vocabulary/relators/edt 702 $aZhao$b Dongbin$4edt$4http://id.loc.gov/vocabulary/relators/edt 702 $aEl-Alfy$b El Sayed M.$f1968-$4edt$4http://id.loc.gov/vocabulary/relators/edt 801 0$bMiAaPQ 801 1$bMiAaPQ 801 2$bMiAaPQ 906 $aBOOK 912 $a996465653403316 996 $aNeural Information Processing$92554499 997 $aUNISA LEADER 01686nam0 22003011i 450 001 UON00074618 005 20231205102404.841 100 $a20020107d1924 |0itac50 ba 101 $aita 102 $aIT 105 $a||||n ||||| 200 1 $aPrincipi di diritto consuetudinario della Somalia italiana meridionale$eI gruppi sociali, La proprietą$fMassimo Colucci 210 $aFirenze$cSoc. An. "La voce"$d1924 215 $axiv, 282 p.$d25 cm 316 $a*Volume bis$5IT-UONSI ET COXIVsom/008 bis 606 $aConsuetudini giuridiche$xSomalia$3UONC022695$2FI 620 $aIT$dFirenze$3UONL000052 676 $a340.5$cDIRITTO ISLAMICO / SISTEMI GIURIDICI / DIRITTO CONSUETUDINARIO$v21 700 1$aCOLUCCI$bMassimo$3UONV049021$068212 712 $aLa Voce$3UONV257988$4650 801 $aIT$bSOL$c20260227$gRICA 856 4 $uhttp://next.unior.it/sebina/repository/catalogazione/documenti/Principi di diritto Somalia (74618).pdf$zPrincipi di diritto Somalia (74618)_SiBA_Dig. Unior 899 $aSIBA - SISTEMA BIBLIOTECARIO DI ATENEO E ARCHIVIO STORICO$2UONSI$uhttp://next.unior.it/sebina/repository/catalogazione/documenti/Principi di diritto Somalia (74618).pdf 912 $aUON00074618 950 $aSIBA - SISTEMA BIBLIOTECARIO DI ATENEO E ARCHIVIO STORICO$dSI XIV som 008 bis $eSI AA 3499 5 008 bis *Volume bis 950 $aSIBA - SISTEMA BIBLIOTECARIO DI ATENEO E ARCHIVIO STORICO$dSI XIV som 008 $eSI MR 19488 7 008 996 $aPrincipi di diritto consuetudinario della Somalia Italiana meridionale$9577894 997 $aUNIOR